00378nam a2200121Ia 4500008004100000082001500041100001900056245007300075260003900148300001000187630001800197650004100215211109s9999||||xx |||||||||||||| ||und|| a920bEDW-L aEdward, J Hugh 0aLife of David Lloyd George: With a Short History of the Welsh People bNATIONAL BOOKSTALLaKottayamc1913 a596p. xGeneral Stack aBiographyxBiography- Autobiography